Elegie / Paul Verlaine ; [přeložil Gustav Francl]
Record details
- ISBN: 80-7021-748-0
- Physical Description: 59 s. ; 16 cm
- Edition: Vyd. ve Vyšehradu 1.
- Publisher: Praha : Vyšehrad, 2004
Content descriptions
| General Note: | Přeloženo z francouzštiny |
Search for related items by subject
| Genre: | francouzská poezie French poetry |
Search for related items by series
Available copies
- 1 of 1 copy available at Common Catalog SPOK.
Holds
- 0 current holds with 1 total copy.
Show Only Available Copies
| Location | Call Number / Copy Notes | Barcode | Shelving Location | Status | Due Date |
|---|---|---|---|---|---|
| KDS Library | 830 VeP | 204576801863 | Library | Available | - |
| LDR | 01120cam a2200349 a 4500 | ||
|---|---|---|---|
| 001 | 21481 | ||
| 003 | CZ-PrJAB | ||
| 005 | 20150714114857.0 | ||
| 007 | ta | ||
| 008 | 041221s2004 xr g 000 p cze | ||
| 015 | . | ‡acnb001493641 | |
| 020 | . | ‡a80-7021-748-0 ‡q(váz.) : ‡cKč 138,00 | |
| 035 | . | ‡a(CZ PrNK)cpk20051493641 | |
| 035 | . | ‡a(OCoLC)85132350 | |
| 040 | . | ‡aBOA001 ‡bcze ‡cBOA001 ‡dABA001 | |
| 041 | 1 | . | ‡acze ‡hfre |
| 072 | 7. | ‡a821.133.1-1 ‡xFrancouzská poezie, francouzsky psaná ‡2Konspekt ‡925 | |
| 080 | . | ‡a821.133.1-1 ‡2MRF | |
| 080 | . | ‡a(0:82-1) ‡2MRF | |
| 100 | 1 | . | ‡aVerlaine, Paul, ‡d1844-1896 ‡7jn19990008767 ‡4aut |
| 245 | 1 | 0. | ‡aElegie / ‡cPaul Verlaine ; [přeložil Gustav Francl] |
| 250 | . | ‡aVyd. ve Vyšehradu 1. | |
| 260 | . | ‡aPraha : ‡bVyšehrad, ‡c2004 | |
| 300 | . | ‡a59 s. ; ‡c16 cm | |
| 490 | 1 | . | ‡aVerše ; ‡vsv. 14 |
| 500 | . | ‡aPřeloženo z francouzštiny | |
| 655 | 7. | ‡afrancouzská poezie ‡7fd132284 ‡2czenas | |
| 655 | 9. | ‡aFrench poetry ‡2eczenas | |
| 700 | 1 | . | ‡aFrancl, Gustav, ‡d1920- ‡7jk01031695 ‡4trl |
| 830 | 0. | ‡aVerše (Vyšehrad) | |
| 910 | . | ‡aABE463 | |
| 998 | . | ‡a001493641 | |
| 901 | . | ‡a21481 ‡b ‡c21481 ‡tbiblio | |